Gran diccionario enciclopédico : (Registro nro. 24101)

Detalles MARC
000 -LEADER
fixed length control field 00568nam a22001817a 4500
003 - CONTROL NUMBER IDENTIFIER
control field DO-CoUTE
005 - DATE AND TIME OF LATEST TRANSACTION
control field 20260414125345.0
008 - FIXED-LENGTH DATA ELEMENTS--GENERAL INFORMATION
fixed length control field 260414b dr ||||| |||| 00| 0 spa d
040 ## - CATALOGING SOURCE
Original cataloging agency DO-CoUTE
Language of cataloging spa
Transcribing agency DO-CoUTE
082 ## - DEWEY DECIMAL CLASSIFICATION NUMBER
Classification number R RD 972.93803G748R
245 10 - TITLE STATEMENT
Title Gran diccionario enciclopédico :
Remainder of title Duarte :
260 ## - PUBLICATION, DISTRIBUTION, ETC.
Place of publication, distribution, etc. Barcelona
Name of publisher, distributor, etc. Ediciones Foto-repro S.A
Date of publication, distribution, etc. 1975
300 ## - PHYSICAL DESCRIPTION
Extent 1429 Pagina :
Other physical details Ilustraciones ;
Dimensions 23cm,
504 ## - BIBLIOGRAPHY, ETC. NOTE
Bibliography, etc. note Incluye referencia bibliográfica e índice.<br/>
650 #4 - SUBJECT ADDED ENTRY--TOPICAL TERM
Topical term or geographic name entry element diccionario
710 1# - ADDED ENTRY--CORPORATE NAME
Corporate name or jurisdiction name as entry element Enciclopedia Dominicana
942 ## - ADDED ENTRY ELEMENTS (KOHA)
Source of classification or shelving scheme Dewey Decimal Classification
Koha item type Libros

No hay ítems disponibles.

© 2021 Derechos Reservados UTECO - Teléfono: +1 809-585-2291 - Correo electrónico: biblioteca@uteco.edu.do​  
Código postal 43000 ​​
Dirección: Avenida Universitaria No. 100, 
Cotuí, Provincia Sánchez Ramírez, República Dominicana - RNC: 404-00059-6